000 00896nam a2200217Ii 4500
003 JO-AjNU
008 230605s9999||||xx |||||||||||||| ||und||
017 _a1998/1/114
040 _aJO-AjNU
_bara
_erda
_cJO-AjNU
041 _aara
050 1 4 _aK3400.Q27.1998
100 3 _a القيسي، إعاد حمود ,
_eauthor
_946814
245 0 0 _aالوجيز في القانون الاداري : ذاتية القانون الإداري ، التنظيم الاداري ، النشاط الاداري ، عمال واعمال السلطة الإدارية ، أموال السلطة الإدارية
250 _aط1
264 3 1 _aعمان : دار وائل ، 1998
300 _a359ص
336 _atext
_btxt
_2rdacontent
337 _aunmediated
_bn
_2rdamedia
338 _avolume
_bnc
_2rdacarrier
650 4 _aالعلوم الاجتماعية -- القانون الاداري
_946815
999 _aA20393
_c23961
_d23961